Studies on Stem Root disease of Til (Sesamum indicum L.) Caused by Sclerotium rolfsii Sacc. (Record no. 41636)

MARC details
000 -LEADER
fixed length control field 00569nam a22001937a 4500
003 - CONTROL NUMBER IDENTIFIER
control field OSt
008 - FIXED-LENGTH DATA ELEMENTS--GENERAL INFORMATION
fixed length control field 240717b |||||||| |||| 00| 0 eng d
082 ## - DEWEY DECIMAL CLASSIFICATION NUMBER
Classification number 632.4
Item number G96S
100 ## - MAIN ENTRY--PERSONAL NAME
Personal name Gupta, Ramesh Chandra.
245 ## - TITLE STATEMENT
Title Studies on Stem Root disease of Til (Sesamum indicum L.) Caused by Sclerotium rolfsii Sacc.
260 ## - PUBLICATION, DISTRIBUTION, ETC. (IMPRINT)
Place of publication, distribution, etc .- Sabor, Bhagalpur
Name of publisher, distributor, etc : Bihar Agriculture College, RAU
Date of publication, distribution, etc , 1984
300 ## - PHYSICAL DESCRIPTION
Extent 83p.
502 ## - DISSERTATION NOTE
Degree type M. Sc.
650 ## - SUBJECT ADDED ENTRY--TOPICAL TERM
Topical term or geographic name as entry element Mycology and Plant Pathology
650 ## - SUBJECT ADDED ENTRY--TOPICAL TERM
Topical term or geographic name as entry element Stem Rot Diseases
650 ## - SUBJECT ADDED ENTRY--TOPICAL TERM
Topical term or geographic name as entry element Thesis
650 ## - SUBJECT ADDED ENTRY--TOPICAL TERM
Topical term or geographic name as entry element M. Sc.
942 ## - ADDED ENTRY ELEMENTS (KOHA)
Source of classification or shelving scheme
Koha item type Thesis
Holdings
Withdrawn status Lost status Source of classification or shelving scheme Damaged status Not for loan Home library Current library Date acquired Full call number Barcode Date last seen Bill Date Koha item type
          Dr. Rajendra Prasad Central Agricultural University Pusa, Dr. Rajendra Prasad Central Agricultural University Pusa, 17/07/2024 632.4 G96S 37200 17/07/2024 17/07/2024 Thesis
Hosted, Implemented, Customized & Maintained by: BestBookBuddies

Powered by Koha